000 00349nam a2200133Ia 4500
005 20260328101515.0
008 260328s9999||||xx |||||||||||||| ||und||
100 _aKwinter, Sanford
245 0 _aRem Koolhaas :
_b Conversaciones con Estudiantes /
_cSanford Kwinter
260 _bGustavo Gili
300 _a93 p.
650 _aARQUITECTOS
942 _cBK
999 _c9333
_d9333